Ficha antropológica para investigación de herencia (Record no. 81138)
[ view plain ]
| 000 -LEADER | |
|---|---|
| campo de control de longitud fija | 00661nam a2200181 i 4500 |
| 001 - NÚMERO DE CONTROL | |
| campo de control | 81138 |
| 003 - IDENTIFICADOR DE NÚMERO DE CONTROL | |
| campo de control | ES-MaACL |
| 005 - FECHA Y HORA DE LA ÚLTIMA TRANSACCIÓN | |
| campo de control | 20230906174357.0 |
| 007 - CAMPO FIJO DE DESCRIPCIÓN FÍSICA--INFORMACIÓN GENERAL | |
| campo de control de longitud fija | t| |
| 008 - DATOS DE LONGITUD FIJA--INFORMACIÓN GENERAL | |
| campo de control de longitud fija | 041103s1939 it ||||1| spa d |
| 100 1# - ENTRADA PRINCIPAL--NOMBRE DE PERSONA | |
| Nombre de persona | Hoyos Sáinz, Luis de, |
| Fechas asociadas al nombre | 1868-1951 |
| 9 (RLIN) | 64437 |
| 245 10 - MENCIÓN DEL TÍTULO | |
| Título | Ficha antropológica para investigación de herencia |
| Resto del título | : (a la memoria del G. Sergi) / |
| Mención de responsabilidad, etc. | Luis de Hoyos Sáinz. |
| 260 ## - PUBLICACIÓN, DISTRIBUCIÓN, ETC. | |
| Lugar de publicación, distribución, etc. | Milano : |
| Nombre del editor, distribuidor, etc. | [s.n., |
| Fecha de publicación, distribución, etc. | 1939] ( |
| Fabricante | Stucchi) |
| 300 ## - DESCRIPCIÓN FÍSICA | |
| Extensión | 3 h. ; |
| Dimensiones | 25 cm. |
| 500 ## - NOTA GENERAL | |
| Nota general | Es separata de: Atti e commiuciazioni dell IV Congresso de Patologia comparate. Vol. II, pag. 321-26. |
| 852 ## - LOCALIZACIÓN | |
| Ubicación | ES-MaACL |
| Número de control de estantería | 1833-F-29 |
| Sublocalización o colección | R.19957 |
| Estatus retirado | Estado de pérdida | Estado de daño | No para préstamo | Colección | Biblioteca de origen | Biblioteca actual | Ubicación en estantería | Fecha de adquisición | Fuente de adquisición | Total de préstamos | Signatura topográfica completa | Código de barras | Visto por última vez | Precio de reemplazo | Tipo de ítem Koha |
|---|---|---|---|---|---|---|---|---|---|---|---|---|---|---|---|
| Colección de folletos | Biblioteca del Ateneo de Madrid | Biblioteca del Ateneo de Madrid | Depósito folletos | 17/01/2008 | 1833-F-29 | 1084818 | 23/02/2023 | 23/02/2023 | Folleto |
